[Event "RUS-ch rapid"]
[Site "Sochi"]
[Date "2019.10.15"]
[Round "5"]
[White "Gutenev, Alexander"]
[Black "Tenikashvili, Georgij"]
[Result "1-0"]
[WhiteElo "2469"]
[BlackElo "2337"]
[PlyCount "99"]
[EventDate "2019.10.15"]
[EventType "swiss"]
[EventRounds "11"]
[EventCountry "RUS"]
[SourceTitle "CBM 192 Extra"]
[Source "Chessbase"]
[SourceDate "2019.11.06"]
[SourceVersion "1"]
[SourceVersionDate "2019.11.06"]
[SourceQuality "1"]

1. e4 c6 2. d4 d5 3. Nd2 dxe4 4. Nxe4 Bf5 5. Ng3 Bg6 6. Nf3 Nd7 7. h4 h6 8. h5 Bh7 9. Bd3 Bxd3 10. Qxd3 e6 11. Bd2 Ngf6 12. 0-0-0 Be7 13. Kb1 0-0 14. Ne4 Nxe4 15. Qxe4 Nf6 16. Qe2 Qd5 17. Ne5 Qe4 18. Qxe4 Nxe4 19. Be1 Rfd8 20. f3 Nf6 21. c4 Nd7 22. Ba5 Nb6 23. b3 Rdc8 24. Rhe1 Bf6 25. Bxb6 axb6 26. Nd7 Ra6 27. d5 cxd5 28. Nxf6+ gxf6 29. cxd5 e5 30. f4 exf4 31. Re7 Rd8 32. d6 b5 33. Rxb7 Raxd6 34. Rxd6 Rxd6 35. Rxb5 Rd1+ 36. Kc2 Rg1 37. a4 Rxg2+ 38. Kd3 Rb2 39. Ke4 Kg7 40. a5 f5+ 41. Kxf4 Rf2+ 42. Kg3 Rb2 43. Rb6 Kf8 44. Rb7 Kg7 45. Rb6 Kf8 46. b4 Ke7 47. a6 Kd7 48. b5 Rb4 49. a7 Ra4 50. Ra6 1-0

[Event "Titled Tuesday intern op 2nd July"]
[Site "Chess.com INT"]
[Date "2019.07.02"]
[Round "9"]
[White "Ouellet, Maili Jade"]
[Black "Tenikashvili, Georgij"]
[Result "0-1"]
[WhiteElo "2079"]
[BlackElo "2337"]
[PlyCount "128"]
[EventDate "2019.07.02"]
[EventType "swiss (blitz)"]
[EventRounds "10"]
[EventCountry "USA"]
[SourceTitle "EXT 2021"]
[Source "ChessBase"]
[SourceDate "2020.10.23"]
[SourceVersion "1"]
[SourceVersionDate "2020.10.23"]
[SourceQuality "1"]

1. d4 d5 2. c4 dxc4 3. e4 e5 4. Nf3 exd4 5. Bxc4 Nc6 6. 0-0 Be6 7. Bb5 Bc5 8. Nbd2 Nge7 9. Nb3 Bb6 10. Ng5 Bxb3 11. Qxb3 0-0 12. Bf4 Ng6 13. Bd2 Nce5 14. Kh1 c6 15. Be2 d3 16. Bh5 h6 17. Nh3 Ne7 18. f4 Nd7 19. Qxd3 Nc5 20. Qxd8 Raxd8 21. Bb4 Rfe8 22. Bxc5 Bxc5 23. Rad1 Bd4 24. Rd2 c5 25. Rfd1 Nc6 26. Bf3 Be3 27. Rxd8 Rxd8 28. Rxd8+ Nxd8 29. Ng1 Bxf4 30. Ne2 Be5 31. b3 Nc6 32. Kg1 Nb4 33. a3 Nc2 34. a4 Na1 35. Nc1 Bb2 36. Nd3 Bd4+ 37. Kf1 Nxb3 38. Ke2 c4 39. Nb4 Nc5 40. Nc2 Be5 41. a5 Bc3 42. Ne3 Bxa5 43. Nxc4 Bc7 44. Kd2 b5 45. Na3 a6 46. g3 Be5 47. Kc2 Kf8 48. Nb1 Ke7 49. Nd2 Kd6 50. Bh5 g6 51. Be2 Kc6 52. Nb3 Nxe4 53. Kd3 Nc5+ 54. Nxc5 Kxc5 55. Kc2 a5 56. Kb3 a4+ 57. Ka3 Bd4 58. h3 Be3 59. g4 Bc1+ 60. Ka2 b4 61. Kb1 Bf4 62. Bd1 b3 63. Be2 Kb4 64. Bd3 a3 0-1

[Event "Titled Tuesday intern op 2nd July"]
[Site "Chess.com INT"]
[Date "2019.07.02"]
[Round "3"]
[White "Tenikashvili, Georgij"]
[Black "Serpik, Ilia V"]
[Result "0-1"]
[WhiteElo "2337"]
[BlackElo "2144"]
[PlyCount "46"]
[EventDate "2019.07.02"]
[EventType "swiss (blitz)"]
[EventRounds "10"]
[EventCountry "USA"]
[SourceTitle "EXT 2021"]
[Source "ChessBase"]
[SourceDate "2020.10.23"]
[SourceVersion "1"]
[SourceVersionDate "2020.10.23"]
[SourceQuality "1"]

1. d4 Nf6 2. c4 e5 3. dxe5 Ng4 4. e3 Nxe5 5. Nh3 Ng6 6. g3 Nc6 7. Bg2 Bc5 8. 0-0 0-0 9. Nc3 Re8 10. a3 a5 11. b3 d6 12. Bb2 Nce5 13. Nd5 Bg4 14. f3 Bxh3 15. Bxh3 c6 16. b4 Ba7 17. Nc3 Nxc4 18. Kh1 Nxb2 19. Qb3 Nd3 20. Ne4 Nde5 21. Rad1 d5 22. f4 Nc4 23. Ng5 Nxe3 0-1

[Event "Titled Tuesday intern op 2nd July"]
[Site "Chess.com INT"]
[Date "2019.07.02"]
[Round "7"]
[White "Wang, Kevin"]
[Black "Tenikashvili, Georgij"]
[Result "1-0"]
[WhiteElo "2071"]
[BlackElo "2337"]
[PlyCount "131"]
[EventDate "2019.07.02"]
[EventType "swiss (blitz)"]
[EventRounds "10"]
[EventCountry "USA"]
[SourceTitle "EXT 2021"]
[Source "ChessBase"]
[SourceDate "2020.10.23"]
[SourceVersion "1"]
[SourceVersionDate "2020.10.23"]
[SourceQuality "1"]

1. e4 c6 2. d4 d5 3. Nc3 dxe4 4. Nxe4 Bf5 5. Ng3 Bg6 6. Nh3 e6 7. Nf4 Bd6 8. c3 Nf6 9. Bc4 Qc7 10. Qf3 Nbd7 11. Bxe6 fxe6 12. Nxe6 Qa5 13. Nxg7+ Kf7 14. N7f5 Rae8+ 15. Be3 Bxg3 16. Nh6+ Kg7 17. hxg3 Rhf8 18. 0-0 Nd5 19. Qg4 N7f6 20. Nf5+ Kh8 21. Qh3 Nxc3 22. Nh4 Ne2+ 23. Kh1 Qh5 24. Rfe1 Ng4 25. Nxg6+ Qxg6 26. Rxe2 Rxe3 27. fxe3 Nf2+ 28. Rxf2 Rxf2 29. Qc8+ Kg7 30. Qc7+ Rf7 31. Qe5+ Kg8 32. Qe8+ Kg7 33. Qe5+ Kg8 34. Rc1 Qh6+ 35. Kg1 Qf6 36. Qxf6 Rxf6 37. Rf1 Re6 38. Rf3 Kg7 39. Kf2 Kg6 40. Rf4 Kg5 41. Kf3 h5 42. Re4 Rf6+ 43. Ke2 b6 44. a4 a5 45. Re5+ Kg4 46. d5 cxd5 47. Rxd5 Kxg3 48. Rxh5 Kxg2 49. Rg5+ Kh3 50. e4 Kh4 51. Rg1 Rc6 52. Kd3 Rd6+ 53. Kc4 Rd2 54. b3 Re2 55. Kd5 Rd2+ 56. Kc6 Rb2 57. e5 Rxb3 58. e6 Re3 59. Kd7 Rd3+ 60. Ke8 Rd4 61. e7 Rxa4 62. Kf8 Re4 63. e8Q Rxe8+ 64. Kxe8 a4 65. Kd7 a3 66. Kc6 1-0

[Event "RUS-chT2"]
[Site "Sochi"]
[Date "2019.05.08"]
[Round "7.3"]
[White "Pogorelskikh, Sofia"]
[Black "Tenikashvili, Georgij"]
[Result "0-1"]
[WhiteElo "2131"]
[BlackElo "2361"]
[PlyCount "90"]
[EventDate "2019.05.01"]
[EventType "team-swiss"]
[EventRounds "9"]
[EventCountry "RUS"]
[SourceTitle "CBM 190 Extra"]
[Source "ChessBase"]
[SourceDate "2019.07.15"]
[SourceVersion "1"]
[SourceVersionDate "2019.07.15"]
[SourceQuality "1"]
[WhiteTeam "Volga Samara Region"]
[BlackTeam "Alania RNO"]
[WhiteTeamCountry "RUS"]
[BlackTeamCountry "RUS"]

1. e4 c6 2. d4 d5 3. Nc3 dxe4 4. Nxe4 Bf5 5. Ng3 Bg6 6. h4 h6 7. Nf3 Nf6 8. Ne5 Bh7 9. Bd3 Bxd3 10. Qxd3 e6 11. Bf4 Qa5+ 12. Qd2 Bb4 13. c3 Be7 14. 0-0 Nbd7 15. Qe2 Nxe5 16. dxe5 Nd7 17. Rfd1 g5 18. hxg5 hxg5 19. b4 Qc7 20. Be3 Qxe5 21. Qd3 Qc7 22. Bd4 Rh4 23. Qe3 a5 24. Re1 Qf4 25. Qd3 axb4 26. Be3 Qc4 27. Qxc4 Rxc4 28. cxb4 Rxb4 29. Re2 Rba4 30. f3 Bc5 31. Bxc5 Nxc5 32. Re5 Nd3 33. Rxg5 Ke7 34. Rb1 R8a7 35. Ne4 Rxa2 36. Rb3 R2a3 37. Rb6 f5 38. Nd2 Kf6 39. Rg8 Nf4 40. Rb8 Ra2 41. Nb1 Rxg2+ 42. Kf1 Raa2 43. Rf8+ Ke7 44. Rh8 Raf2+ 45. Ke1 Nd3+ 0-1

[Event "RUS-chT blitz"]
[Site "Sochi"]
[Date "2018.10.10"]
[Round "12.7"]
[White "Yuffa, Daniil"]
[Black "Tenikashvili, Georgij"]
[Result "0-1"]
[WhiteElo "2563"]
[BlackElo "2361"]
[PlyCount "40"]
[EventDate "2018.10.10"]
[EventType "team-swiss (blitz)"]
[EventRounds "15"]
[EventCountry "RUS"]
[SourceTitle "CBM 186 Extra"]
[Source "ChessBase"]
[SourceDate "2018.08.24"]
[SourceVersion "1"]
[SourceVersionDate "2018.08.24"]
[SourceQuality "1"]
[WhiteTeam "Tyumen Molodezhka"]
[BlackTeam "Daryal Alaniya"]
[WhiteTeamCountry "RUS"]
[BlackTeamCountry "RUS"]

1. Nc3 d5 2. e3 Nf6 3. f4 c5 4. Nf3 Nc6 5. Be2 Bg4 6. 0-0 e6 7. d3 Be7 8. h3 Bxf3 9. Bxf3 0-0 10. e4 dxe4 11. dxe4 Qxd1 12. Nxd1 Nd4 13. Ne3 Nxf3+ 14. gxf3 Rfd8 15. a4 Rd4 16. c3 Rd3 17. Kf2 Rad8 18. Ke2 Nh5 19. Rd1 Nxf4+ 20. Ke1 Bh4+ 0-1

[Event "RUS-chT rapid"]
[Site "Sochi"]
[Date "2018.10.09"]
[Round "7.9"]
[White "Tenikashvili, Georgij"]
[Black "Rozhko, Dmitry"]
[Result "1-0"]
[WhiteElo "2361"]
[BlackElo "2305"]
[PlyCount "49"]
[EventDate "2018.10.08"]
[EventType "team-swiss (rapid)"]
[EventRounds "9"]
[EventCountry "RUS"]
[SourceTitle "CBM 186 Extra"]
[Source "ChessBase"]
[SourceDate "2018.08.24"]
[SourceVersion "1"]
[SourceVersionDate "2018.08.24"]
[SourceQuality "1"]
[WhiteTeam "Daryal Alaniya"]
[BlackTeam "Stavropol Region"]
[WhiteTeamCountry "RUS"]
[BlackTeamCountry "RUS"]

1. d4 d5 2. c4 c6 3. Nc3 Nf6 4. Nf3 a6 5. cxd5 cxd5 6. Bf4 Nc6 7. e3 Bf5 8. Be2 e6 9. 0-0 Bb4 10. Nd2 0-0 11. Nb3 Rc8 12. Rc1 Nd7 13. a3 Be7 14. Na4 b5 15. Nac5 Nxc5 16. Nxc5 Bxc5 17. Rxc5 Na5 18. a4 Qb6 19. axb5 Rxc5 20. dxc5 Qxc5 21. bxa6 Qb6 22. Qa4 Nc4 23. a7 Ra8 24. Bb8 Nxb2 25. Qe8# 1-0

[Event "RUS-chT rapid"]
[Site "Sochi"]
[Date "2018.10.08"]
[Round "3.3"]
[White "Derjabin, Ilja"]
[Black "Tenikashvili, Georgij"]
[Result "1-0"]
[WhiteElo "2345"]
[BlackElo "2361"]
[PlyCount "60"]
[EventDate "2018.10.08"]
[EventType "team-swiss (rapid)"]
[EventRounds "9"]
[EventCountry "RUS"]
[SourceTitle "CBM 186 Extra"]
[Source "ChessBase"]
[SourceDate "2018.08.24"]
[SourceVersion "1"]
[SourceVersionDate "2018.08.24"]
[SourceQuality "1"]
[WhiteTeam "Krym Nash"]
[BlackTeam "Daryal Alaniya"]
[WhiteTeamCountry "RUS"]
[BlackTeamCountry "RUS"]

1. Nf3 d5 2. c4 dxc4 3. Na3 a6 4. Nxc4 b5 5. Ne3 Bb7 6. g3 Nf6 7. Bg2 e6 8. a4 Nbd7 9. 0-0 c5 10. d4 Be7 11. dxc5 Bxc5 12. Qb3 b4 13. Rd1 Qe7 14. Ne1 Bxg2 15. Kxg2 a5 16. Nd3 0-0 17. Qc4 Rfc8 18. Qh4 Bb6 19. Nc4 Bc7 20. b3 Nb6 21. Bg5 Nxc4 22. bxc4 Bb6 23. Ne5 Qb7+ 24. f3 Ne8 25. Rd7 Rc7 26. Rad1 f6 27. Qg4 f5 28. Qh5 Rxd7 29. Rxd7 g6 30. Qh6 Nc7 1-0

[Event "RUS-ch blitz"]
[Site "Sochi"]
[Date "2018.10.07"]
[Round "1.20"]
[White "Chigaev, Maksim"]
[Black "Tenikashvili, Georgij"]
[Result "1-0"]
[WhiteElo "2599"]
[BlackElo "2361"]
[PlyCount "63"]
[EventDate "2018.10.07"]
[EventType "swiss (blitz)"]
[EventRounds "20"]
[EventCountry "RUS"]
[SourceTitle "CBM 186 Extra"]
[Source "ChessBase"]
[SourceDate "2018.08.24"]
[SourceVersion "1"]
[SourceVersionDate "2018.08.24"]
[SourceQuality "1"]

1. e4 c6 2. d4 d5 3. exd5 cxd5 4. Bd3 Nc6 5. c3 Qc7 6. Ne2 e6 7. Bf4 Bd6 8. Bxd6 Qxd6 9. 0-0 Nge7 10. Nd2 0-0 11. f4 Bd7 12. Nf3 a6 13. Qd2 b5 14. a3 Rab8 15. Ne5 Na5 16. Rae1 Nc4 17. Qc1 a5 18. Ng3 b4 19. axb4 axb4 20. Bxc4 dxc4 21. Nxc4 Qc7 22. Ne5 bxc3 23. bxc3 Rfc8 24. Ne4 Bb5 25. Rf3 Nd5 26. Nc5 Ra8 27. f5 exf5 28. c4 Nb6 29. cxb5 Qd6 30. Nc6 Nd5 31. Rxf5 g6 32. Rxd5 1-0

[Event "RUS-ch blitz"]
[Site "Sochi"]
[Date "2018.10.07"]
[Round "2.20"]
[White "Tenikashvili, Georgij"]
[Black "Chigaev, Maksim"]
[Result "0-1"]
[WhiteElo "2361"]
[BlackElo "2599"]
[PlyCount "110"]
[EventDate "2018.10.07"]
[EventType "swiss (blitz)"]
[EventRounds "20"]
[EventCountry "RUS"]
[SourceTitle "CBM 186 Extra"]
[Source "ChessBase"]
[SourceDate "2018.08.24"]
[SourceVersion "1"]
[SourceVersionDate "2018.08.24"]
[SourceQuality "1"]

1. d4 Nf6 2. c4 g6 3. Nc3 Bg7 4. Nf3 0-0 5. Bg5 d6 6. e3 c5 7. Be2 Nc6 8. d5 Na5 9. 0-0 h6 10. Bh4 g5 11. Bg3 Nh5 12. Qc2 Nxg3 13. hxg3 a6 14. a3 b5 15. cxb5 axb5 16. Bxb5 Rb8 17. a4 Bd7 18. Bxd7 Qxd7 19. Nb5 Qg4 20. e4 f5 21. exf5 Qxf5 22. Qxf5 Rxf5 23. Rad1 Bxb2 24. Rfe1 Rf7 25. Re6 Bg7 26. Nh2 h5 27. g4 h4 28. Nf3 Bf6 29. Kh2 Nc4 30. Rc1 Nb2 31. Nc3 Nd3 32. Rc2 Nxf2 33. Rxf2 Bxc3 34. Rg6+ Rg7 35. Rxg7+ Kxg7 36. Nxg5 Be5+ 37. Kh3 Rb3+ 38. Nf3 Bg3 39. Ra2 c4 40. Nxh4 Be5+ 41. Nf3 c3 42. Rc2 Rb2 43. Rc1 Bf4 44. Rxc3 Ra2 45. Rc4 Be3 46. Re4 Bc5 47. Rxe7+ Kf8 48. Re4 Ra3 49. Kh4 Rd3 50. Rf4+ Kg7 51. Rf5 Ra3 52. Ng5 Bb4 53. Ne6+ Kg6 54. Rf4 Be1+ 55. g3 Bxg3+ 0-1

[Event "RUS-chT2"]
[Site "Sochi"]
[Date "2018.05.09"]
[Round "8.8"]
[White "Derjabin, Ilja"]
[Black "Tenikashvili, Georgij"]
[Result "0-1"]
[WhiteElo "2360"]
[BlackElo "2294"]
[PlyCount "122"]
[EventDate "2018.05.01"]
[EventType "team-swiss"]
[EventRounds "9"]
[EventCountry "RUS"]
[SourceTitle "CBM 184 Extra"]
[Source "ChessBase"]
[SourceDate "2018.06.28"]
[SourceVersion "1"]
[SourceVersionDate "2018.06.28"]
[SourceQuality "1"]
[WhiteTeam "Our Crimea"]
[BlackTeam "North Ossetia Alania"]
[WhiteTeamCountry "RUS"]
[BlackTeamCountry "RUS"]

1. Nf3 d5 2. g3 Bg4 3. c4 dxc4 4. Bg2 c6 5. Na3 Nd7 6. Nxc4 Ngf6 7. 0-0 e6 8. d4 Be7 9. Qb3 Nb6 10. Na5 Rb8 11. Ne5 Nbd5 12. Nxg4 Qxa5 13. Nxf6+ Bxf6 14. e4 Nb6 15. Be3 Rd8 16. Rfd1 Qa4 17. Rac1 Qxb3 18. axb3 0-0 19. Ra1 Nc8 20. d5 exd5 21. exd5 cxd5 22. Bxd5 b6 23. Bb7 Nd6 24. Bc6 Nf5 25. Rxd8 Rxd8 26. Rxa7 Nxe3 27. fxe3 g6 28. Rb7 Bxb2 29. Rxb6 Bc1 30. Kf2 Rd2+ 31. Kf3 Rd3 32. Rb8+ Kg7 33. b4 Bxe3 34. Ke4 Rc3 35. b5 f5+ 36. Kd5 Bg1 37. b6 Bxh2 38. b7 Bxg3 39. Rc8 Rb3 40. Kc4 Rb1 41. Bb5 h5 42. Rd8 Rc1+ 43. Kb3 Re1 44. Rd3 Bf4 45. Bc6 Rb1+ 46. Kc4 Rb2 47. Bb5 Kf6 48. Rd8 Kg5 49. b8Q Bxb8 50. Rxb8 h4 51. Rh8 Kg4 52. Bc6 Rc2+ 53. Kd5 h3 54. Ba4 Rd2+ 55. Ke5 h2 56. Bc6 f4 57. Ke4 Kg3 58. Rh6 Rd6 59. Bd5 f3 60. Ke5 Rxd5+ 61. Kxd5 g5 0-1

[Event "RUS-ch rapid"]
[Site "Sochi"]
[Date "2017.09.30"]
[Round "2"]
[White "Moiseenko, Vadim"]
[Black "Tenikashvili, Georgij"]
[Result "1-0"]
[WhiteElo "2558"]
[BlackElo "2294"]
[PlyCount "63"]
[EventDate "2017.09.30"]
[EventType "swiss (rapid)"]
[EventRounds "11"]
[EventCountry "RUS"]
[SourceTitle "EXT 2018"]
[Source "ChessBase"]
[SourceDate "2017.10.13"]
[SourceVersion "1"]
[SourceVersionDate "2017.10.13"]
[SourceQuality "1"]

1. e4 c6 2. d4 d5 3. f3 e5 4. exd5 exd4 5. Qxd4 Qxd5 6. Qxd5 cxd5 7. Nc3 Be6 8. Nb5 Kd7 9. Be3 a6 10. Nc3 Bb4 11. Nge2 Ne7 12. 0-0-0 b5 13. a3 Bd6 14. Nf4 Bxf4 15. Bxf4 Nbc6 16. Bd3 Rhd8 17. g4 Ke8 18. h4 d4 19. Ne4 Nd5 20. Bd2 Ne5 21. Ng5 Nxd3+ 22. cxd3 Kd7 23. Rde1 Ne7 24. Kb1 Bd5 25. Nxh7 f6 26. g5 f5 27. Re5 Bg8 28. Rhe1 Re8 29. Nf8+ Kd6 30. Bb4+ Kc7 31. Rxe7+ Rxe7 32. Rxe7+ 1-0

[Event "RUS-chT2"]
[Site "Sochi"]
[Date "2017.05.02"]
[Round "2.6"]
[White "Babarykin, Stanislav"]
[Black "Tenikashvili, Georgij"]
[Result "1/2-1/2"]
[WhiteElo "2354"]
[BlackElo "2305"]
[PlyCount "86"]
[EventDate "2017.05.01"]
[EventType "team-swiss"]
[EventRounds "9"]
[EventCountry "RUS"]
[SourceTitle "CBM 178 Extra"]
[Source "ChessBase"]
[SourceDate "2017.06.22"]
[SourceVersion "1"]
[SourceVersionDate "2017.06.22"]
[SourceQuality "1"]
[WhiteTeam "Smolensk Region VOS"]
[BlackTeam "Vladikavkaz Highlanders"]
[WhiteTeamCountry "RUS"]
[BlackTeamCountry "RUS"]

1. e4 c6 2. d4 d5 3. Nc3 dxe4 4. Nxe4 Bf5 5. Ng3 Bg6 6. Nf3 Nd7 7. h4 h6 8. h5 Bh7 9. Bd3 Bxd3 10. Qxd3 e6 11. Bd2 Ngf6 12. 0-0-0 Be7 13. Kb1 0-0 14. Ne4 Nxe4 15. Qxe4 Nf6 16. Qe2 Qd5 17. Be3 b5 18. Ne5 Bd6 19. Bc1 c5 20. Ng4 Nxg4 21. dxc5 Qxc5 22. Qxg4 Rac8 23. c3 Kh8 24. Be3 Qc7 25. Rd3 Be5 26. Rhd1 Rfd8 27. Qe2 Rxd3 28. Qxd3 a6 29. f3 Kg8 30. a3 Bf6 31. g4 Rd8 32. Qc2 Rxd1+ 33. Qxd1 Qc6 34. Bc1 Qc4 35. Qd7 e5 36. Qf5 a5 37. Bxh6 gxh6 38. Qxf6 Qf1+ 39. Kc2 Qe2+ 40. Kc1 Qe1+ 41. Kc2 Qe2+ 42. Kb1 Qd1+ 43. Ka2 Qd5+ 1/2-1/2

[Event "RUS-chT blitz"]
[Site "Sochi"]
[Date "2016.10.07"]
[Round "13.1"]
[White "Tenikashvili, Georgij"]
[Black "Motylev, Alexander"]
[Result "0-1"]
[WhiteElo "2305"]
[BlackElo "2663"]
[PlyCount "118"]
[EventDate "2016.10.07"]
[EventType "team-swiss (blitz)"]
[EventRounds "15"]
[EventCountry "RUS"]
[SourceTitle "EXT 2017"]
[Source "ChessBase"]
[SourceDate "2016.10.25"]
[SourceVersion "1"]
[SourceVersionDate "2016.10.25"]
[SourceQuality "1"]
[WhiteTeam "Ossetia RMA Alanya"]
[BlackTeam "Moscow SHSM Legacy"]
[WhiteTeamCountry "RUS"]
[BlackTeamCountry "RUS"]

1. d4 g6 2. Nf3 Bg7 3. c4 e6 4. Nc3 Ne7 5. e3 0-0 6. Be2 d5 7. b3 b6 8. Bb2 Bb7 9. 0-0 Re8 10. Rc1 a6 11. h3 Nbc6 12. Ba1 Qd7 13. Qc2 Rad8 14. Rfd1 Qc8 15. a3 Qa8 16. Na4 Nf5 17. cxd5 exd5 18. b4 Re7 19. Ne1 Nd6 20. Bd3 Na7 21. Nf3 Nab5 22. Bb2 Nc4 23. Bxc4 dxc4 24. Ne1 Nd6 25. Nc3 Rde8 26. a4 b5 27. d5 bxa4 28. Nxa4 Bxb2 29. Qxb2 Bxd5 30. Qd4 Bc6 31. Nc3 a5 32. Ra1 a4 33. Qc5 Re5 34. Qd4 Qb7 35. Rdb1 Rg5 36. g3 Rh5 37. h4 Nf5 38. Qg4 Nd6 39. Ra2 Rhe5 40. Rd2 Qb6 41. Nf3 Rxe3 42. fxe3 Qxe3+ 43. Rf2 Qxc3 44. Nd4 Be4 45. Rbf1 Qxd4 46. Kh2 f5 47. Qg5 Nf7 48. Qc1 c3 49. h5 c2 50. hxg6 hxg6 51. g4 Qe5+ 52. Qf4 Qxf4+ 53. Rxf4 Kg7 54. gxf5 gxf5 55. Kg3 Kf6 56. Kf2 Ne5 57. Rh4 Ng4+ 58. Kg3 Kg5 59. Rh7 f4+ 0-1

[Event "Moscow op-A"]
[Site "Moscow"]
[Date "2015.02.08"]
[Round "9"]
[White "Dovletov, Hajugurban"]
[Black "Tenikashvili, Georgij"]
[Result "1/2-1/2"]
[WhiteElo "2097"]
[BlackElo "2348"]
[PlyCount "77"]
[EventDate "2015.01.31"]
[EventType "swiss"]
[EventRounds "9"]
[EventCountry "RUS"]
[SourceTitle "CBM 164 Extra"]
[Source "ChessBase"]
[SourceDate "2015.03.02"]
[SourceVersion "1"]
[SourceVersionDate "2015.03.02"]
[SourceQuality "1"]

1. d4 d5 2. Nf3 Nf6 3. Bg5 Ne4 4. Bf4 c5 5. c3 Nc6 6. e3 h6 7. Nbd2 g5 8. Bg3 Bg7 9. Nxe4 dxe4 10. Nd2 cxd4 11. cxd4 Bf5 12. Be2 0-0 13. Nc4 b5 14. Nd2 Qb6 15. 0-0 e5 16. Qb3 exd4 17. Qxb5 dxe3 18. Qxb6 axb6 19. fxe3 Bxb2 20. Rab1 Bc3 21. Rxf5 Bxd2 22. Kf2 Rxa2 23. Rxb6 Ne7 24. Re5 Ra3 25. Rb1 Bxe3+ 26. Kf1 Ng6 27. Rxe4 Bf4 28. Bf2 Rfa8 29. g3 Ra1 30. Rxa1 Rxa1+ 31. Kg2 Be5 32. Bh5 Ra5 33. Bxg6 fxg6 34. Bd4 Bxd4 35. Rxd4 Rf5 36. Rd7 Rf7 37. Rd6 Kg7 38. Ra6 g4 39. Rb6 1/2-1/2

[Event "Moscow op-A"]
[Site "Moscow"]
[Date "2015.02.07"]
[Round "8"]
[White "Tenikashvili, Georgij"]
[Black "Velichko, Arseny"]
[Result "1/2-1/2"]
[WhiteElo "2348"]
[BlackElo "2118"]
[PlyCount "104"]
[EventDate "2015.01.31"]
[EventType "swiss"]
[EventRounds "9"]
[EventCountry "RUS"]
[SourceTitle "CBM 164 Extra"]
[Source "ChessBase"]
[SourceDate "2015.03.02"]
[SourceVersion "1"]
[SourceVersionDate "2015.03.02"]
[SourceQuality "1"]

1. d4 d5 2. c4 c6 3. Nc3 Nf6 4. Nf3 e6 5. e3 Nbd7 6. Qc2 Bd6 7. Bd3 0-0 8. 0-0 dxc4 9. Bxc4 b5 10. Bd3 Bb7 11. h3 h6 12. a3 a6 13. b4 a5 14. Rb1 axb4 15. axb4 Qe7 16. e4 e5 17. dxe5 Nxe5 18. Nxe5 Bxe5 19. Ne2 Rfd8 20. f4 Bc7 21. Bb2 Bb6+ 22. Kh1 Rac8 23. Ng3 c5 24. bxc5 Rxc5 25. Qe2 b4 26. e5 Ne8 27. Be4 Bxe4 28. Qxe4 Rcd5 29. Qf3 Qc5 30. Qg4 Qc2 31. e6 Qg6 32. Qxg6 fxg6 33. f5 g5 34. Ne4 Bd4 35. Bxd4 Rxd4 36. Nc5 Nf6 37. Na6 Ne4 38. Rfe1 Ng3+ 39. Kh2 Nxf5 40. Nxb4 Rb8 41. Nc6 Rxb1 42. Rxb1 Re4 43. Rb8+ Kh7 44. e7 Nxe7 45. Re8 Re6 46. Nxe7 h5 47. Kg3 Re3+ 48. Kf2 Re6 49. Kf3 Re1 50. g3 Re6 51. h4 gxh4 52. gxh4 Re1 1/2-1/2

[Event "Moscow op-A"]
[Site "Moscow"]
[Date "2015.02.05"]
[Round "6"]
[White "Tenikashvili, Georgij"]
[Black "Bykov, Oleg1111"]
[Result "0-1"]
[WhiteElo "2348"]
[BlackElo "2186"]
[PlyCount "94"]
[EventDate "2015.01.31"]
[EventType "swiss"]
[EventRounds "9"]
[EventCountry "RUS"]
[SourceTitle "CBM 164 Extra"]
[Source "ChessBase"]
[SourceDate "2015.03.02"]
[SourceVersion "1"]
[SourceVersionDate "2015.03.02"]
[SourceQuality "1"]

1. d4 Nf6 2. c4 g6 3. Nc3 Bg7 4. Bg5 h6 5. Bh4 0-0 6. Nf3 c5 7. e3 b6 8. Bd3 Bb7 9. 0-0 cxd4 10. Nxd4 Nc6 11. Rc1 Nxd4 12. exd4 d5 13. c5 Ne4 14. Ne2 g5 15. Bg3 f5 16. c6 Bc8 17. Be5 Bxe5 18. dxe5 Qc7 19. Bxe4 dxe4 20. Qd5+ e6 21. Qd6 Qf7 22. Rfd1 Ba6 23. Nd4 Rfe8 24. c7 Rac8 25. b4 Bd3 26. Rc6 Re7 27. Qd8+ Re8 28. Qd6 Re7 29. Rdc1 Ba6 30. Nxe6 Rd7 31. Nxg5 Rxd6 32. Nxf7 Rxc6 33. Rxc6 Kxf7 34. Rxh6 Ke7 35. h4 Rxc7 36. Rh7+ Kd8 37. Rxc7 Kxc7 38. h5 Bc4 39. h6 Bg8 40. f3 Kd7 41. g4 f4 42. fxe4 Ke6 43. g5 Bh7 44. Kg2 Kxe5 45. Kf3 Bxe4+ 46. Kg4 Bg6 47. a4 Ke4 0-1

[Event "Moscow op-E"]
[Site "Moscow"]
[Date "2011.02.06"]
[Round "9.21"]
[White "Tenikashvili, Georgij"]
[Black "Panarin, Mikhail"]
[Result "0-1"]
[WhiteElo "2339"]
[BlackElo "2533"]
[PlyCount "92"]
[EventDate "2011.01.29"]
[EventType "swiss"]
[EventRounds "9"]
[EventCountry "RUS"]
[SourceTitle "EXT 2022"]
[Source "ChessBase"]
[SourceDate "2021.10.06"]
[SourceVersion "1"]
[SourceVersionDate "2021.10.06"]
[SourceQuality "1"]

1. d4 Nf6 2. c4 c5 3. d5 e6 4. Nc3 exd5 5. cxd5 d6 6. e4 g6 7. Nf3 Bg7 8. Be2 0-0 9. 0-0 Re8 10. Nd2 Nbd7 11. Qc2 Ne5 12. a4 Bg4 13. Ra3 Bxe2 14. Nxe2 a6 15. a5 c4 16. f4 Nd3 17. Qxc4 Nxc1 18. Nxc1 b5 19. axb6 Qxb6+ 20. Kh1 Qxb2 21. Ra2 Qb6 22. Qc6 Qxc6 23. dxc6 Nxe4 24. Nxe4 Rxe4 25. Nb3 Rc4 26. Na5 Rc5 27. Rd1 Bc3 28. Nb7 Rxc6 29. g3 Bb4 30. Rb1 Bc5 31. Na5 Rb6 32. Rd1 Rab8 33. Nc4 Rb4 34. Rc2 Rb1 35. Rcd2 Kf8 36. Rxb1 Rxb1+ 37. Kg2 Ke7 38. Ra2 Rb4 39. Nd2 Bd4 40. Kf3 Rb2 41. Rxb2 Bxb2 42. Nb3 Ke6 43. Ke4 f5+ 44. Kd3 Kd5 45. h3 h5 46. Nd2 Bd4 0-1